[Event "GER-ch 2013-D-V5 serv"]
[Site "GER email"]
[Date "2013.10.08"]
[Round "?"]
[White "Fischer, Rudi"]
[Black "Lorenz, Rudolf"]
[Result "1/2-1/2"]
[WhiteElo "2034"]
[BlackElo "1917"]
[PlyCount "61"]
[EventDate "2013.10.20"]
[EventType "tourn (corr)"]
[EventRounds "6"]
[EventCountry "GER"]
[SourceTitle "Corr 2015"]
[Source "ChessBase"]
[SourceDate "2015.07.17"]
[SourceVersion "1"]
[SourceVersionDate "2015.07.17"]
[SourceQuality "1"]

1. e4 c5 2. Nf3 d6 3. d4 cxd4 4. Nxd4 Nf6 5. Nc3 a6 6. f3 e5 7. Nb3 h5 8. Be3 Be6 9. Be2 Nbd7 10. Nd5 Nxd5 11. exd5 Bf5 12. 0-0 h4 13. f4 Bh7 14. Bd3 Bxd3 15. Qxd3 Be7 16. c3 0-0 17. Rae1 Re8 18. Nd2 exf4 19. Bxf4 Qb6+ 20. Rf2 Qb5 21. Qxb5 axb5 22. a3 Nc5 23. Rf3 Bf6 24. Rxe8+ Rxe8 25. Bxd6 Na4 26. Bc7 Re2 27. Rf2 Re1+ 28. Rf1 Re2 29. Rf2 Re1+ 30. Rf1 Re2 31. Rf2 1/2-1/2

[Event "GER-ch 2012-C-V4 serv"]
[Site "GER email"]
[Date "2012.07.06"]
[Round "?"]
[White "Dorer, Manfred"]
[Black "Lorenz, Rudolf"]
[Result "1/2-1/2"]
[WhiteElo "2152"]
[BlackElo "1899"]
[PlyCount "82"]
[EventDate "2012.07.12"]
[EventType "tourn (corr)"]
[EventRounds "6"]
[EventCountry "GER"]
[SourceTitle "Corr 2015"]
[Source "ChessBase"]
[SourceDate "2015.07.17"]
[SourceVersion "1"]
[SourceVersionDate "2015.07.17"]
[SourceQuality "1"]

1. e4 e5 2. Nf3 Nc6 3. Bb5 Nf6 4. 0-0 Nxe4 5. d4 Nd6 6. Bxc6 dxc6 7. dxe5 Nf5 8. Qxd8+ Kxd8 9. Nc3 Ne7 10. h3 Ng6 11. Bg5+ Ke8 12. Rad1 Bd7 13. Rd2 Be6 14. Rfd1 Be7 15. Be3 h5 16. Ne4 h4 17. Nd4 Nxe5 18. Nxe6 fxe6 19. Bg5 Rf8 20. f4 Rf5 21. b3 Ng6 22. Bxe7 Nxe7 23. Ng5 e5 24. c4 b6 25. Rd7 Rc8 26. Ne6 Kf7 27. Nxg7 Rxf4 28. Re1 Rd4 29. Rf1+ Kxg7 30. Rxe7+ Kg6 31. Re6+ Kg7 32. Rxe5 c5 33. Re7+ Kg6 34. Rf3 a5 35. a4 Rd6 36. Re4 Rd4 37. Re6+ Kg7 38. Re7+ Kg6 39. Kh2 Rd6 40. Re4 Rd4 41. Re6+ Kg7 1/2-1/2

[Event "GER-ch 2012-C-V4 serv"]
[Site "GER email"]
[Date "2012.07.06"]
[Round "?"]
[White "Lorenz, Rudolf"]
[Black "Lelgemann, Ludwig"]
[Result "1/2-1/2"]
[WhiteElo "1899"]
[BlackElo "2023"]
[PlyCount "78"]
[EventDate "2012.07.12"]
[EventType "tourn (corr)"]
[EventRounds "6"]
[EventCountry "GER"]
[SourceTitle "Corr 2015"]
[Source "ChessBase"]
[SourceDate "2015.07.17"]
[SourceVersion "1"]
[SourceVersionDate "2015.07.17"]
[SourceQuality "1"]

1. Nf3 Nf6 2. c4 e6 3. d4 d5 4. g3 dxc4 5. Bg2 Nc6 6. Qa4 Bb4+ 7. Bd2 Nd5 8. Bxb4 Ndxb4 9. 0-0 Rb8 10. Na3 0-0 11. Qb5 b6 12. Qxc4 Ba6 13. Nb5 Qd5 14. Qxd5 Nxd5 15. a4 Na5 16. Ne5 Rbd8 17. Nxa7 Nb4 18. Rac1 Rxd4 19. Rxc7 Bxe2 20. Rfc1 f6 21. Nec6 Naxc6 22. Nxc6 Nxc6 23. R7xc6 Rfd8 24. h3 R8d6 25. Rxd6 Rxd6 26. Rc6 Rxc6 27. Bxc6 e5 28. f3 Kf7 29. Kf2 Bc4 30. b4 Ke6 31. Ke3 g5 32. Bb7 Kd6 33. Be4 h6 34. h4 Bb3 35. hxg5 hxg5 36. a5 bxa5 37. bxa5 Kc5 38. Bd3 Bd5 39. g4 Be6 1/2-1/2

[Event "GER-chT9 KI-36 Br04 email"]
[Site "GER email"]
[Date "2011.10.17"]
[Round "?"]
[White "Lorenz, Rudolf"]
[Black "Sallwey, Rainer"]
[Result "0-1"]
[WhiteElo "1922"]
[BlackElo "1759"]
[PlyCount "70"]
[EventDate "2011.10.23"]
[EventType "tourn (corr)"]
[EventRounds "4"]
[EventCountry "GER"]
[SourceTitle "Corr 2015"]
[Source "ChessBase"]
[SourceDate "2015.07.17"]
[SourceVersion "1"]
[SourceVersionDate "2015.07.17"]
[SourceQuality "1"]

1. d4 d5 2. c4 c6 3. Nf3 Nf6 4. Nc3 a6 5. a4 e6 6. g3 dxc4 7. Bg2 Be7 8. 0-0 0-0 9. Ne5 a5 10. Nxc4 Na6 11. e4 Nb4 12. Bf4 b6 13. Qb3 Ra7 14. Rfd1 Rd7 15. Bf3 Ba6 16. Be3 Bxc4 17. Qxc4 Nc2 18. Rac1 Nxe3 19. fxe3 Qa8 20. e5 Nd5 21. Qe2 Nb4 22. Rf1 Rdd8 23. Be4 Qb7 24. Rf4 f5 25. Bxf5 Rxf5 26. Rxf5 exf5 27. Qc4+ Kh8 28. Rd1 Bg5 29. Qe2 Qe7 30. Kf1 g6 31. Kg2 Qe6 32. h4 Bh6 33. Kf2 Kg7 34. h5 Bg5 35. Kg2 c5 0-1

[Event "GER HS-085 email"]
[Site "GER email"]
[Date "2010.10.11"]
[Round "?"]
[White "Lorenz, Rudolf"]
[Black "Giesemann, Steffen"]
[Result "1/2-1/2"]
[WhiteElo "1938"]
[BlackElo "2133"]
[PlyCount "69"]
[EventDate "2010.10.21"]
[EventType "tourn (corr)"]
[EventRounds "6"]
[EventCountry "GER"]
[SourceTitle "Corr 2015"]
[Source "ChessBase"]
[SourceDate "2015.07.17"]
[SourceVersion "1"]
[SourceVersionDate "2015.07.17"]
[SourceQuality "1"]
[WhiteTeam "Germany"]
[BlackTeam "Latvia"]
[WhiteTeamCountry "GER"]
[BlackTeamCountry "LAT"]

1. d4 Nf6 2. c4 g6 3. Nc3 d5 4. cxd5 Nxd5 5. e4 Nxc3 6. bxc3 Bg7 7. Bc4 c5 8. Ne2 0-0 9. 0-0 Nc6 10. Be3 Qc7 11. Rc1 Rd8 12. Bf4 Be5 13. Bg3 Bxg3 14. fxg3 e6 15. Qd2 Rb8 16. Bb5 Qe7 17. Qe3 Bd7 18. Bd3 Rbc8 19. e5 cxd4 20. cxd4 Nb4 21. Rxc8 Rxc8 22. Be4 Bb5 23. Rb1 Bxe2 24. Qxe2 Rc3 25. Qd2 Rc4 26. h4 Nc6 27. Bxc6 Rxc6 28. h5 b6 29. h6 Rc4 30. Rd1 Kf8 31. Rc1 Qc7 32. Qb4+ Rxb4 33. Rxc7 Rxd4 34. Rxa7 Rd5 35. Ra8+ 1/2-1/2